000 00732nam a2200289Ia 4500
005 20260324144836.0
008 008 260324s9999 xx 000 0 eng d
020 _a9780367809416
037 _aEBOOK
040 _aCRL
040 _beng
040 _cCRL
041 _2eng
041 _aeng
084 _qCRL
100 _aJohn B. Nicholson; Paul Z. DuBois; Dean H. Keller
_91220812
245 0 _aReading and the Art of Librarianship
245 0 _bSelected Essays of John B. Nicholson, Jr.
260 _bTaylor and Francis
260 _c1986
365 _a
365 _b205
856 _uhttp://www.taylorfrancis.com/books/9780367809416
942 _cEBOOK
999 _c1827937
_d1827937